000 00548nam a2200217Ia 4500
003 GCL
008 140319s9999 xx 000 0 eng d
040 _aGCL /
_cGCL
082 0 4 _a833
_bD H
100 1 _aDOBLIN, ALFRED
245 1 0 _aHAMLET AU LA LONGUE NUIT PREND FIN /
_cDOBLIN, ALFRED
700 1 _aWINTZEN, ELISABETH
700 1 _aWINTZEN, RENE
260 _a[S.N] :
_bFAYARD ،
_c1988
300 _a501 P
650 0 4 _aLITERATURE
650 0 4 _aFICTION
650 0 4 _aGERMAN FICTION
650 0 4 _aGERMAN LITERATURE
942 _2ddc
_cBK
999 _c12524
_d12524